000 02753cam a22004814a 4500
999 _c4875
_d4875
001 ocm41315547
003 OCoLC
005 20180711132249.0
008 990430s1999 ne b 001 0 eng
010 _a 99031245
015 _aGB9949208
_2bnb
016 7 _a012729171
_2Uk
020 _a9041112294
_q(hb ;
_qacid-free paper)
020 _a9789041112293
_q(hb ;
_qacid-free paper)
029 1 _aZWZ
_b053166221
035 _a(OCoLC)41315547
_z(OCoLC)59414336
_z(OCoLC)977746913
040 _aDLC
_beng
_cTZ-ArACH
_dUKM
042 _apcc
049 _aTZAA
050 0 0 _aK639
_b.D48 1999
082 0 0 _a341.4/81
_221
100 1 _aDetrick, Sharon.
245 1 2 _aCommentary on the United Nations Convention on the Rights of the Child /
_cby Sharon Detrick.
260 _aThe Hague ;
_aBoston :
_bMartinus Nijhoff Publishers,
_c1999.
300 _axlv, 790 pages ;
_c25 cm
504 _aIncludes bibliographical references (pages 759-772) and index.
520 _aThis book provides a commentary on the United Nations Convention on the Rights of the Child, which was adopted by the General Assembly of the United Nations on 20 November 1989. Part One contains a general introduction to the Convention on the Rights of the Child, and deals with matters such as the drafting history, the contents, direct application, horizontal effects, limitations, the Committee on the Rights of the Child, and the Convention's final provisions. Part Two contains an article-by-article commentary, the aim of which is not to give an interpretation of the precise nature and scope of States parties' obligations but, rather, to identify the materials, or sources, which provide guidance in that regard. In the identification of such materials, attention has been paid to the general rules of treaty interpretation, as set forth in the Vienna Convention on the Law of Treaties. --
630 0 0 _aConvention on the Rights of the Child
_d(1989 November 20)
630 0 1 _aConvention on the Rights of the Child
_d(1989)
_9768
630 0 4 _aConvention on the Rights of the Child (1989)
_9768
630 0 6 _aConvention des Nations Unies sur les droits de l'enfant
_d(1989)
630 0 7 _aConvention on the Rights of the Child.
_2fast
630 0 7 _aConvention relative aux droits de l'enfant
_d(1989)
_2ram
650 0 _aChildren
_xLegal status, laws, etc.
650 0 _aChildren (International law)
_9774
650 6 _aEnfants
_xDroit.
_99916
650 6 _aEnfants
_xDroit international.
650 7 _aChildren (International law)
_2fast
_9774
650 7 _aChildren
_xLegal status, laws, etc.
_2fast
650 7 _aEnfants
_xStatut juridique (droit international)
_2ram
730 0 2 _aConvention on the Rights of the Child
_d(1989 November 20)
942 _2lcc
_cBOOK